El final de los grandes proyectos /

La presente obra reúne las ponencias más relevantes del congreso títulado El final de los grandes proyectos y el florecimiento de la praxis sistémica, celebrado del 3 al 7 de abril de 1999 en Heidelberg, Alemania. Las ponencias se publicaron el dos libros. Uno de ellos es la presente obra que trata...

Πλήρης περιγραφή

Αποθηκεύτηκε σε:
Λεπτομέρειες βιβλιογραφικής εγγραφής
Συγγραφή απο Οργανισμό/Αρχή: Congreso El Final de los Grandes Proyectos y el Florecimiento de la Praxis Sistémica ( Heidelberg, Alemania)
Άλλοι συγγραφείς: Fischer, Hans Rudi (comp.) (comp.), Retzer, Arnold (comp.) (comp.), Schweitzer, Jochen (comp.) (comp.)
Μορφή: Πρακτικό Συνεδρίου Βιβλίο
Γλώσσα:Ισπανικά
Έκδοση: Barcelona, España : Gedisa, 1997, c1997
Σειρά:(Hombre y Sociedad Gedisa)
(Cla-De-Ma. Filosofía)
Θέματα:
Ετικέτες: Προσθήκη ετικέτας
Δεν υπάρχουν, Καταχωρήστε ετικέτα πρώτοι!

MARC

LEADER 00000nam^a2200000^a^4500
001 000062602
005 20250521000000.0
009 20260310090955.385
020 |a 84-7432-582-X 
037 |a Acervo ITESO - Biblioteca 
041 |a ESP 
082 |a 121.  |b CON 1999 
111 |a Congreso El Final de los Grandes Proyectos y el Florecimiento de la Praxis Sistémica (  |d 1999 :  |c Heidelberg, Alemania) 
245 1 3 |a El final de los grandes proyectos /  |c Comp. de H.R. Fischer, A. Retzer, J. Schweitzer ; tr. por Javier Legris. 
264 4 |a Barcelona, España :  |b Gedisa,  |c 1997, c1997 
300 |a 166 p. 
336 |a texto  |b txt  |2 rdacontenido 
337 |a sin mediación  |b n  |2 rdamedio 
338 |a volumen  |b nc  |2 rdasoporte 
440 1 |a (Hombre y Sociedad Gedisa) 
440 1 |a (Cla-De-Ma.  |p Filosofía) 
500 |a Traducción de: Das Ende der grossen Entwürfe 
520 |a La presente obra reúne las ponencias más relevantes del congreso títulado El final de los grandes proyectos y el florecimiento de la praxis sistémica, celebrado del 3 al 7 de abril de 1999 en Heidelberg, Alemania. Las ponencias se publicaron el dos libros. Uno de ellos es la presente obra que trata sobre el agotamiento de los planteamientos teóricos en diferentes disciplinas frente a la aparición de nuevos paradigmas científicos. La segunda obra que no está disponible en biblioteca, trata de la praxis sistémica. 
649 |a XX 
650 |a Racionalismo 
650 |a Hermenéutica 
650 |a Epistemología -  |x Congresos -  |x Tema Principal 
650 |a Teoría de Sistemas 
650 |a Inteligencia Artificial 
650 |a Sistema Inmunológico 
650 |a Cultura -  |x Teoría 
650 |a Terapia Sistémica 
650 |a Filosofía de la Naturaleza 
650 |a Filosofía de la Ciencia 
650 |a Psicología 
650 |a Biología 
650 |a Cibernética 
650 |a Modernidad y Posmodernidad 
650 |a Filosofía del Siglo XX 
700 |a Fischer, Hans Rudi  |e (comp.) 
700 |a Retzer, Arnold  |e (comp.) 
700 |a Schweitzer, Jochen  |e (comp.) 
910 |a Fondo General 
920 |a Impresos - Libros 
930 |a Colección General 
905 |a 101 
901 |a 0500015307  |b IT1  |c ACC  |u 20250521 
901 |a 0500019000  |b IT1  |c ACC  |u 20250521 
902 |a https://opac.biblio.iteso.mx/vufind/Record/000062602